000 00899nam a2200289 i 4500
003 DO-SdBNP
005 20260507093749.0
007 ta
008 260507b2025 dr ||||| |||| 00| 0 spa d
020 _a9789945297096 (tapa blanda)
020 _a9789945297102 (tapa dura)
040 _aDO-SdBNP
_bspa
_cBNPHU
_erda
041 _aspa
082 4 _axxx
_bxxx
_222
100 _aDeLaRosa, Germán A.,
_4aut.
_989479
_eautor
245 1 0 _aDiálogos en el silencio /
_cGermán A. DeLaRosa
250 _aprimera edición
264 4 _aSanto Domingo :
_bProyecto Tripode Ediciones LLC,
_c©2025.
300 _axxiv, 309 páginas ;
_c22 cm.
336 _atexto
_btxt
_2rdacontent
337 _asin mediación
_bn
_2rdamedia
338 _avolumen
_bnc
_2rdacarrier
504 _aBibliografía : páginas 304-305
590 _aInventariado, 2026/BT
910 _aInventariado, 2026/BT
942 _2ddc
_cLBS1
999 _c60684
_d60684